Nucleoside triphosphates and their analogs: chemistry, biotechnology, and biological applications (Record no. 32188)

MARC details
000 -LEADER
fixed length control field 00635nam a2200145 a 4500
008 - FIXED-LENGTH DATA ELEMENTS--GENERAL INFORMATION
fixed length control field 151130s2005 ||||||||||||||||| || u
020 ## - INTERNATIONAL STANDARD BOOK NUMBER
International Standard Book Number 9781574444988
050 ## - LIBRARY OF CONGRESS CALL NUMBER
Classification number QP 625.N89 Vag
100 ## - MAIN ENTRY--PERSONAL NAME
Personal name Vaghefi, Morteza
245 10 - TITLE STATEMENT
Title Nucleoside triphosphates and their analogs: chemistry, biotechnology, and biological applications
Statement of responsibility, etc. By Morteza Vaghefi
260 ## - PUBLICATION, DISTRIBUTION, ETC.
Place of publication, distribution, etc. Boca Raton
Name of publisher, distributor, etc. Taylor & Francis
Date of publication, distribution, etc. 2005
300 ## - PHYSICAL DESCRIPTION
Extent 393p.: ill.
650 ## - SUBJECT ADDED ENTRY--TOPICAL TERM
Topical term or geographic name entry element NUCLEOTIDES
995 ## -
-- MEDICAL LIBRARY OPEN ACCESS
-- 903173
-- CBU-SCHOOL OF MEDICINE LIBRARY (Ndola)
-- 194.95
-- QP 625.N89 Vag
-- 1
-- AVAILABLE
-- Dec 14, 2015
-- 903173
-- Medical Library Open Access Collection
999 ## -
-- 32188
-- 32188
Holdings
Withdrawn status Lost status Source of classification or shelving scheme Damaged status Not for loan Permanent Location Current Location Shelving location Date acquired Total Checkouts Full call number Barcode Date last seen Price effective from Koha item type
          CBU-SCHOOL OF MEDICINE LIBRARY, NDOLA. CBU-SCHOOL OF MEDICINE LIBRARY, NDOLA.   11/30/2022   QP 625.N89 Vag 903173 11/30/2022 11/30/2022 MONOGRAPH